| 000 | 00756nam a2200253 a 4500 | ||
|---|---|---|---|
| 001 | 000003523 | ||
| 003 | DO-SdBNP | ||
| 005 | 20250609123930.0 | ||
| 007 | ta | ||
| 008 | 090710s2002 dr 000 0 spa d | ||
| 040 |
_aDO-SdBNP _bspa _cBNPHU |
||
| 082 | 4 |
_aRD868 _bO77f _222 |
|
| 100 | 1 |
_aOrtíz Vargas, José de las Mercedes. _910912 |
|
| 245 | 1 | 0 |
_aFrases, conocimientos, sabidurias y jocosidades / _cJosé de las Mercedes Ortíz Vargas. |
| 260 |
_aSanto Domingo : _bNativo, _c2002. |
||
| 300 |
_a176 p. ; _c21 cm. |
||
| 590 | _aInventariado, 2022 / DG | ||
| 650 | 4 |
_aEscritos varios _910913 |
|
| 650 | 4 |
_aPoesía dominicana _966 |
|
| 650 | 0 |
_aLiteratura dominicana. _967 |
|
| 650 | 0 |
_aPalabras y frases _910914 |
|
| 910 | _aDG | ||
| 942 |
_2ddc _cLBS1 |
||
| 999 |
_c3349 _d3349 |
||